LEADER 00883nam0-22003011i-450- 001 990006867270403321 005 20001010 035 $a000686727 035 $aFED01000686727 035 $a(Aleph)000686727FED01 035 $a000686727 100 $a20001010d--------km-y0itay50------ba 101 0 $aita 105 $ay-------001yy 200 1 $a<>civiltà africana$eintroduzione a una storia culturale dell'Africa$fBasil Davidson$gtraduzione di Laura Felici. 210 $aTorino$cEinaudi$d1997. 215 $aXVI, 334 p.$d21 cm 225 1 $aEinaudi tascabili$iSaggi$v472 676 $a960 700 1$aDavidson,$bBasil$f<1914-2010>$0136838 801 0$aIT$bUNINA$gRICA$2UNIMARC 901 $aBK 912 $a990006867270403321 952 $aCOLLEZ. 1628 (472)$b32647$fFSPBC 959 $aFSPBC 996 $aCivilta' africana$9489822 997 $aUNINA DB $aGEN01 LEADER 00911nam0-22003011i-450- 001 990001844860403321 005 20021010 035 $a000184486 035 $aFED01000184486 035 $a(Aleph)000184486FED01 035 $a000184486 100 $a20021010d--------km-y0itay50------ba 101 0 $aita 200 1 $aSulle conseguenze prodotte dall' Eriophyes avellanae Nal. nel nocciolo$fGiacomo Preti. 210 $aAvellino$c...$d1924. 215 $a9 p.$d23 cm 300 $aEstr. da: Marcellia, rivista internazionale di cecidologia, 21, 1924. 610 0 $aCorylus 676 $a634.54 700 1$aPreti,$bGiacomo$0358046 801 0$aIT$bUNINA$gRICA$2UNIMARC 901 $aBK 912 $a990001844860403321 952 $a60 MISC. B 44/17$b$fFAGBC 959 $aFAGBC 996 $aSulle conseguenze prodotte dall' Eriophyes avellanae Nal. nel nocciolo$9414833 997 $aUNINA DB $aING01